000 00259nam a22001217a 4500
008 170508b xxu||||| |||| 00| 0 eng d
041 _aeng
080 _a34
100 _a14
101 _aSHJ
245 _aPEOOF OF FACTS
_cKNAPP.D.P.V
942 _2udc
_cBK
999 _c12885
_d12885